000 00648nam a2200229Ia 4500
003 OSt
005 20220924114644.0
006 a|||||r|||| 00| 0
007 ta
008 220923b |||||||| |||| 00| 0 san d
024 _a253145
037 _cTextual
040 _aARTS
_cARTS
_bsan
041 _2san
_asan
082 _aQ22:223:g, 15L5
100 _aNadkarni Durgaprasad S
_9150400
245 0 _aTextual restoration in the Bhagwata Purana
260 _aBombay
_bPopular Prakashan India
_c1975
300 _a120p.
_ccm.
942 _hQ22:223:g, 15L5
_cTEXL
_2CC
999 _c394658
_d394658